000 00267nam a22001217a 4500
008 190205b xxu||||| |||| 00| 0 eng d
041 _aeng
080 _a341
100 _a16
101 _aHIS
245 _aPolitics as Symbolic Action
_cEdelman. M
942 _2udc
_cBK
999 _c53954
_d53954